000
00263nam a2200109Ia 4500
008
190911s9999||||xx |||||||||||||| ||und||
100
_a
M. A. Mirabito
245
4
_a
The New Communications Technologies
260
_a
USA
_b
Pearson
_c
1994
300
_a
223
942
_c
BK
999
_c
6971
_d
6971